Pays des joueurs ayant été dans le Top 10 mondial de tennis de table - Statistiques

Statistiques générales
  • Ce quiz a été pris 327 fois
  • Le résultat moyen est 18 sur 29
Statistiques - réponses
Nombre Pays Année % Correct
1 France 2023-2024
99%
18 Chine 2001- 2024
97%
17 Chine 2001-2024
97%
3 Japon 2010-2012, 2014-2022, 2024
97%
5 Japon 2007, 2010-2024
97%
3 Allemagne 2002-2022, 2024
95%
1 Allemagne 2014-2016, 2022-2023
95%
7 Corée du Sud 2001, 2004-2011, 2016-2018, 2023
86%
3 Corée du Sud 2001, 2004-2006, 2009-2010, 2012, 2023-2024
86%
1 Bresil 2018-2024
85%
3 Suède 2001,2019-2020, 2022
85%
1 Espagne 2012
65%
1 Corée du Nord 2001
63%
1 Portugal 2015
59%
2 Roumanie 2001-2002, 2024
53%
1 Belgique 2002-2005
51%
2 Autriche 2001-2004, 2006
43%
1 Grèce 2002-2005
39%
1 Slovenie 2022
39%
3 Taipei Chinois 2001-2004, 2012-2016, 2019-2024
39%
2 Taipei Chinois 2001, 2016, 2018-2021
39%
1 Hong Kong 2016, 2018
38%
6 Hong Kong 2001-2011, 2022
38%
1 Singapour 2007
38%
3 Singapour 2002,2004-2016, 2018-2019, 2021
38%
1 Croatie 2002
35%
1 Croatie 2001-2005
35%
1 Bielorussie 2001-2010, 2013, 2016
31%
1 Porto Rico 2024
15%
Aucun quiz correspondant
Distribution des résultats
% des personnes avec chaque résultat
Percentile par nombre de réponses
Votre historique - résultats
Vous n’avez pas pris ce quiz